pixivでR-18絵の件数・割合が多いポケモン - Statistics

General Stats
  • This quiz has been taken 45 times
  • The average score is 23 of 60
Answer Stats
名前 全部 R-18 割合 順位 % Correct
サーナイト 23372 8212 35.14% 1
97%
サーナイト 23372 8212 35.14% 11
97%
ピカチュウ 67460 2253 3.34% 4
80%
イーブイ 27998 2199 7.85% 5
77%
ニンフィア 14698 2032 13.83% 7
77%
ブラッキー 13548 1818 13.42% 10
77%
スリーパー 2237 1424 63.66% 14
71%
スリーパー 2237 1424 63.66% 1
71%
グレイシア 13057 2047 15.68% 6
69%
シャワーズ 9834 1746 17.75% 11
69%
ルカリオ 20086 3489 17.37% 2
66%
キルリア 4471 1545 34.56% 13
66%
エーフィ 9551 1241 12.99% 18
66%
キルリア 4471 1545 34.56% 12
66%
マスカーニャ 6911 1991 28.81% 8
63%
マスカーニャ 6911 1991 28.81% 19
63%
リーフィア 8815 963 10.92% 20
57%
テールナー 6460 1691 26.18% 12
49%
メタモン 5471 756 13.82% 30
49%
カイリキー 1492 603 40.42% 6
49%
テールナー 6460 1691 26.18% 24
49%
ミミロップ 6991 2855 40.84% 3
46%
ミミロップ 6991 2855 40.84% 5
46%
スリープ 661 191 28.90% 18
46%
マフォクシー 3537 844 23.86% 27
43%
ゴーリキー 919 443 48.20% 2
43%
リザードン 10987 1322 12.03% 17
40%
エースバーン 7073 1884 26.64% 9
34%
ロコン 8710 908 10.42% 21
34%
クチート 5491 858 15.63% 26
34%
エースバーン 7073 1884 26.64% 23
34%
フェローチェ 1684 715 42.46% 4
29%
ミルタンク 1150 341 29.65% 15
29%
ガオガエン 2200 593 26.95% 22
29%
ゾロアーク 6000 1365 22.75% 16
26%
バシャーモ 3512 899 25.60% 22
26%
ゼラオラ 3843 872 22.69% 24
26%
バシャーモ 3512 899 25.60% 26
26%
ニドクイン 730 274 37.53% 8
23%
ブリムオン 2240 654 29.20% 17
23%
ベトベトン 1005 249 24.78% 30
23%
バクフーン 5965 813 13.63% 28
20%
レシラム 6366 778 12.22% 29
20%
アマージョ 1350 351 26.00% 25
20%
ザングース 7721 1398 18.11% 15
17%
エンニュート 1019 462 45.34% 3
17%
アーボック 1513 377 24.92% 28
17%
ヌメルゴン 3482 864 24.81% 25
14%
ヌメルゴン 3482 864 24.81% 29
14%
ルギア 5757 891 15.48% 23
11%
ハリテヤマ 213 65 30.52% 13
11%
フローゼル 1206 332 27.53% 21
11%
ローブシン 342 100 29.24% 16
9%
アブソル 5260 986 18.75% 19
6%
リククラゲ 87 31 35.63% 9
6%
ゼブライカ 846 251 29.67% 14
6%
バンバドロ 306 108 35.29% 10
3%
パフュートン 65 26 40.00% 7
0%
スカタンク 214 61 28.50% 20
0%
トロッゴン 48 12 25.00% 27
0%
No matching quizzes found
Score Distribution
Percent of People with Each Score
Percentile by Number Answered
Your Score History
You have not taken this quiz